6 sports les plus populaires au Canada - Statistiques

Statistiques générales
  • Ce quiz a été pris 579 fois
  • Le résultat moyen est 2 sur 6
Statistiques - réponses
Hint Réponse % Correct
1 Hockey
100%
2 Basketball
44%
4 Soccer
15%
6 Baseball
12%
3 Rugby
8%
5 Crosse
2%
Aucun quiz correspondant
Distribution des résultats
% des personnes avec chaque résultat
Percentile par nombre de réponses
Votre historique - résultats
Vous n’avez pas pris ce quiz